00747 2200229 4500001002100000005001700021008004100038035002500079040001200104082001400116084001900130100002000149245012400169260005400293300003000347500004600377504002500423650002000448700001900468850001200487990001800499INLIS00000000000963420150811120507.0  a0010-081500000001072 aYOPDYOG 223a613.9 aSK 613.9 Tri T aTRI Puji Rahayu aTingkat kepuasan pasien setelah mendapat Kuratif di balai pengobatan gizi Puskesmas Jetis Yogyakartac/ Tri Puji Rahayu aYogyakartabPoliteknik Kesehatan Yogyakartac2005 aix, 34 lembarc; 29,5 cm. aKarya Tulis Ilmiah Jurusan Kesehatan Gigi aBibliografi: hlm. 34 aPelayanan medis aWIWORO Haryani aYOPDYOG a47831-PD/A.15